Príležitostná práca - súčasné aktuálne výzvy
Základným znakom príležitostnej práce je absencia stabilného a súvislého pracovnoprávneho vzťahu. Možno ju vymedziť aj ako nepravidelnú alebo nesúvislú prácu, bez vyhliadok na stabilné zamestnanie, s potenciálne nepravidelným a nepredvídateľným pracovným časom či harmonogramom. Aké sú formy výkonu p...
Na minha lista:
| Autor principal: | |
|---|---|
| Formato: | Capítulo de Livro |
| Idioma: | eslovaco |
| Assuntos: | |
| Tags: |
Sem tags, seja o primeiro a adicionar uma tag!
|
MARC
| LEADER | 00000naa a2200000 4500 | ||
|---|---|---|---|
| 001 | 0306952 | ||
| 005 | 20250211130212.1 | ||
| 041 | 0 | |a slo | |
| 044 | |a SK | ||
| 245 | 1 | 0 | |a Príležitostná práca - súčasné aktuálne výzvy |c Lucia Petríková |
| 520 | |a Základným znakom príležitostnej práce je absencia stabilného a súvislého pracovnoprávneho vzťahu. Možno ju vymedziť aj ako nepravidelnú alebo nesúvislú prácu, bez vyhliadok na stabilné zamestnanie, s potenciálne nepravidelným a nepredvídateľným pracovným časom či harmonogramom. Aké sú formy výkonu príležitostnej práce? Je v súčasnosti príležitostná práca bežná? Aké skupiny ľudí uprednostňujú výkon príležitostnej práce? | ||
| 610 | 2 | 0 | |a práca |
| 610 | 2 | 0 | |a právo pracovné |
| 610 | 2 | 0 | |a vzťahy pracovnoprávne |
| 610 | 2 | 0 | |a čas pracovný |
| 610 | 2 | 0 | |a zmluvy pracovné |
| 610 | 2 | 0 | |a legislatíva |
| 100 | 1 | |a Petríková, Lucia | |